Districts of Nepal - Statistics

General Stats
  • This quiz has been taken 100 times
  • The average score is 49 of 77
Answer Stats
Hint Answer % Correct
Koshi Ilam
89%
Bagmati Lalitpur
89%
Bagmati Bhaktapur
87%
Koshi Jhapa
87%
Bagmati Kathmandu
87%
Bagmati Chitwan
80%
Karnali Dolpa
76%
Bagmati Kavrepalanchok
76%
Koshi Solukhumbu
76%
Koshi Okhaldhunga
73%
Koshi Taplejung
73%
Koshi Bhojpur
71%
Bagmati Dholkha
71%
Gandaki Mustang
71%
Bagmati Nuwakot
71%
Bagmati Sindhupalchok
71%
Koshi Sunsari
71%
Madhesh Bara
69%
Lumbini Dang
69%
Karnali Humla
69%
Gandaki Kaski
69%
Gandaki Manang
69%
Koshi Morang
69%
Bagmati Dhading
67%
Koshi Dhankuta
67%
Lumbini Eastern Rukum
67%
Karnali Jumla
67%
Lumbini Palpa
67%
Koshi Panchthar
67%
Lumbini Rolpa
67%
Madhesh Saptari
67%
Karnali Western Rukum
67%
Lumbini Bardiya
64%
Gandaki Gorkha
64%
Koshi Khotang
64%
Gandaki Parbat
64%
Madhesh Siraha
64%
Sudurpashchhim Kailali
62%
Bagmati Makwanpur
62%
Gandaki Nawalparasi East
62%
Madhesh Parsa
62%
Madhesh Sarlahi
62%
Lumbini Banke
60%
Sudurpashchhim Kanchanpur
60%
Gandaki Lamjung
60%
Karnali Mugu
60%
Gandaki Myagdi
60%
Koshi Sankhuwasabha
60%
Bagmati Sindhuli
60%
Gandaki Tanahun
60%
Gandaki Baglung
58%
Sudurpashchhim Bajhang
58%
Madhesh Dhanusa
58%
Madhesh Mahottari
58%
Lumbini Nawalparasi
58%
Bagmati Ramechhap
58%
Bagmati Rasuwa
58%
Lumbini Rupandehi
58%
Gandaki Syangja
58%
Sudurpashchhim Bajura
56%
Lumbini Gulmi
56%
Koshi Terhathum
56%
Koshi Udayapur
56%
Lumbini Arghakhanchi
53%
Sudurpashchhim Doti
53%
Karnali Jajarkot
53%
Madhesh Rautahat
53%
Sudurpashchhim Achham
51%
Lumbini Pyuthan
51%
Karnali Surkhet
51%
Sudurpashchhim Baitadi
49%
Sudurpashchhim Dadeldhura
47%
Lumbini Kapilvastu
47%
Karnali Dailekh
44%
Sudurpashchhim Darchula
44%
Karnali Kalikot
42%
Karnali Salyan
38%
No matching quizzes found
Score Distribution
Percent of People with Each Score
Percentile by Number Answered
Your Score History
You have not taken this quiz